000 00403nam a2200145Ia 4500
008 231217s9999 xx 000 0 und d
041 _aEnglish
082 _a323.6 MAL;1 R
100 _aMalleswari, V B.
245 0 _aCitizenship : contemporary issues and developments
260 _c2008
_bIcfai
_aHyderabad
300 _avii, 217
650 _aCitizenship,contemporary,developments
942 _cAA
999 _c189189
_d189189